Alguien en la ventana / (Record no. 153868)
[ view plain ]
| 000 -CABECERA | |
|---|---|
| campo de control de longitud fija | 00675nam a2200217 u 4500 |
| 005 - FECHA Y HORA DE LA ÚLTIMA TRANSACCIÓN | |
| campo de control | 20240802063711.0 |
| 008 - ELEMENTOS DE LONGITUD FIJA--INFORMACIÓN GENERAL | |
| campo de control de longitud fija | 110909s2006 r 000 0 eng d |
| 020 ## - NÚMERO INTERNACIONAL NORMALIZADO PARA LIBROS | |
| Número Internacional Estándar del Libro | 9681682734 (10 dígitos) |
| 020 ## - NÚMERO INTERNACIONAL NORMALIZADO PARA LIBROS | |
| Número Internacional Estándar del Libro | 9789681682736 (13 dígitos) |
| 035 ## - NÚMERO DE CONTROL DEL SISTEMA | |
| Número de control de sistema | UPN01000181765 |
| 049 ## - COLECCIÓN | |
| Colección | I |
| 050 #4 - SIGNATURA TOPOGRÁFICA DE LA BIBLIOTECA DEL CONGRESO | |
| Número de clasificación | PZ74.9 |
| Número de documento/Ítem | B7.24 |
| 100 1# - ASIENTO PRINCIPAL--NOMBRE PERSONAL | |
| Nombre de persona | Brozon, M. B., |
| Fechas asociadas al nombre | 1970- |
| 9 (RLIN) | 31044 |
| 245 10 - MENCIÓN DE TÍTULO | |
| Título | Alguien en la ventana / |
| Mención de responsabilidad, etc. | M. B. Brozon ; il. de Juan Pablo Gázquez. |
| 260 ## - PUBLICACIÓN, DISTRIBUCIÓN, ETC. | |
| Lugar de publicación, distribución, etc. | México : |
| Nombre del editor, distribuidor, etc. | FCE, |
| Fecha de publicación, distribución, etc. | 2006. |
| 300 ## - DESCRIPCIÓN FÍSICA | |
| Extensión | 120 p. : |
| Otras características físicas | il. |
| 440 #0 - MENCIÓN DE SERIE/ASIENTO SECUNDARIO--TÍTULO | |
| Título | A la orilla del viento ; |
| Designación de volumen o secuencia | 184 |
| 650 #4 - ASIENTO SECUNDARIO DE MATERIA - TERMINO TEMATICO | |
| Término de materia o nombre geográfico como elemento de entrada | Literatura infantil mexicana |
| 9 (RLIN) | 10209 |
| 650 #4 - ASIENTO SECUNDARIO DE MATERIA - TERMINO TEMATICO | |
| Término de materia o nombre geográfico como elemento de entrada | Miedo |
| Subdivisión de forma | Literatura infantil |
| 9 (RLIN) | 12306 |
| 905 ## - TIPO DE MATERIAL | |
| Tipo de material | Infantil |
| Estado de retiro | Estado de pérdida | Fuente del sistema de clasificación o colocación | Estado dañado | No para préstamo | Código de colección | Localización permanente | Ubicación/localización actual | Ubicación en estantería | Fecha de adquisición | Total de préstamos | Clasificación | Código de barras | Fecha visto por última vez | Número de copia | Tipo de ítem Koha |
|---|---|---|---|---|---|---|---|---|---|---|---|---|---|---|---|
| Library of Congress Classification | Infantil | Bib. Gregorio Torres Quintero | Bib. Gregorio Torres Quintero | Sala infantil Planta baja | 10/05/2023 | 6 | PZ74.9 B7.24 | 276492 | 31/12/2020 | 1 | Libro |
